Tales of Love and Loss (Запис № 580621)

МАРК-запис
000 -Лідер
fixed length control field 00693 a2200217 4500
003 - Ідентифікатор контрольного номера
control field UA-OsUOA
005 - Дата та час останнього входження (трансакції)
control field 20260429155756.0
008 - Елементи даних фіксованої довжини – загальна інформація
fixed length control field 260429b un ||||| |||| 00| 0 ukr d
040 ## - Джерело каталогізації
Агенція оригінальної каталогізації UA-OsUOA
Мова каталогізації eng
Агенція, яка здійснювала перезапис UA-OsUOA
Агенція, яка здійснювала модифікацію UA-OsUOA
041 ## - Код мови
Код мови тексту/ звукової доріжки чи окремого заголовка (П) eng
080 ## - Індекс Універсальної десяткової класифікації
Індекс Універсальної десяткової класифікації (УДК) (НП) 82-34
090 ## - Локальний шифр розміщення
Класифікаційний індекс УДК 82-34
Авторський знак (НП) L12
100 ## - Основне введення – ім’я особи
Ім’я особи (НП) Lacroix M.
9 (RLIN) 25137
245 ## - Відомості про назву
Назва (НП) Tales of Love and Loss
Дані про відповідальність (НП) Melissa Morelli Lacroix & Adrian Lysenko
260 ## - Публікація, розповсюдження і т.п. (Вихідні дані)
Ім’я/ наймення видавництва, розповсюджувача і т.п. (П) Shevchenko Foundation
300 ## - Фізичний опис
Обсяг 9 p.
650 ## - Додаткове предметне введення – тематичний термін
Джерело заголовка чи терміна UDC
Тематичний термін чи географічна назва, як елемент введення (НП) 82 Література. Літературознавство
9 (RLIN) 15
942 ## - Додаткові елементи входу (Коха)
Тип елемента Koha Брошура
Source of classification or shelving scheme Universal Decimal Classification
955 ## - Код типу видання за змістом
Код типу видання за змістом (НП) Літературно-художні видання
Фонди
Стан вилучень Стан втрат Джерело класифікації або схеми стелажів Стан уражень Не для кредиту Код колекції Постійне місце розташування Поточне розміщення Дата придбання Джерело придбання Вартість, звичайна ціна покупки Інвентарний номер Усього замовленно Повний номер виклику Штрих-код Дата останнього перегляду Вартість, ціна заміни Ціна ефективна від Тип елемента Koha Примітка, призначена для загального доступу
    Universal Decimal Classification     Колекція др. Константина Бризгуна (Оксани і Ярослава Соколиків) Наукова бібліотека ІДУД Наукова бібліотека ІДУД 29/04/2026 №12/29.04.2026 (ІДУД) 1.00 300846   82-34 L12 300846 29/04/2026 1.00 29/04/2026 Брошура Отримано в дар від Оксани Бризгун-Соколик ; містить екслібрис "Соколиків"